Interesting Facts Quiz #9 - Statistics

General Stats
  • This quiz has been taken 13,080 times
  • The average score is 11 of 20
Answer Stats
Fact Answer % Correct
_______ didn't finish paying reparations for World War I until 2010 Germany
97%
The ancient Egyptians bred ____ to be sacrificed, mummified, and buried along with people Cats
79%
The last emperor of _____ didn't die until 1967 China
68%
In 2024, somebody bought a _____ duct-taped to a wall for $6.2 million Banana
66%
The kingslayer jellyfish got its name after killing a tourist named Robert ____ in 2002 King
66%
Much of what we know about giant _____ comes from their remains found inside the stomachs of sperm whales Squid
65%
The pope is famously guarded by the _____ Guard. But it's not just a name. The guards must actually be _____. Swiss
61%
Aldous Huxley and C.S. Lewis both died on November 22, 1963 – the same day as ____ _. ______ John F. Kennedy
58%
In the Middle Ages, some people suffered from the _____ Delusion, believing that their bodies were made of _____ and might shatter Glass
56%
______ _______ was only on screen for about 16 minutes in "The Silence of the Lambs" Anthony Hopkins
55%
A blue whale's tongue weighs as much as an ______ Elephant
52%
The island of ____ has more people than Russia Java
52%
In the 19th century, most sailors did not know how to ___ Swim
52%
Pan-Am airlines once maintained a waiting list of people interested in taking commercial flights to __ ___ The Moon
43%
In "____ _____", the actress playing Regina George was 25, while the actress playing her mother was 32 Mean Girls
42%
Rappers Jay-Z, Lil Wayne, Playboi Carti, Baby Keem, and Viper all have the last name _____ Carter
38%
There is a man-killing _________ named Gustave who roams the northern shores of Lake Tanganyika in Burundi Crocodile
38%
____ was produced in China as early as 6500 BC, but wasn't produced outside of China until around 300 AD Silk
35%
_______ has a higher stock market valuation than Ford, even though Ford sells more than 300 times as many vehicles each year Ferrari
34%
Aphids are sometimes already ________ when they are born Pregnant
27%
No matching quizzes found
Score Distribution
Percent of People with Each Score
Percentile by Number Answered
Your Score History
You have not taken this quiz